Tunisia Country Quiz - Statistics

General Stats
  • This quiz has been taken 29,515 times
    29,431 since last reset
  • The average score is 14 of 20
Answer Stats
Clue Answer % Correct
Bordering countries Algeria
98%
Bordering countries Libya
98%
Capital city Tunis
98%
Official language Arabic
97%
European country that colonized Tunisia France
97%
Desert in which southern Tunisia lies Sahara
96%
Sea on which Tunisia lies Mediterranean
93%
Country with a similar flag:
Turkey
92%
Ancient city defeated by Rome in the Punic Wars Carthage
80%
General from that city who crossed the Alps with elephants Hannibal
74%
Multi-national protests that started in Tunisia in December 2010 {Arab} {Spring}
73%
Mountain range that extends into Tunisia Atlas
70%
Currency Dinar
60%
Indigenous people Berber
58%
Ancient sea-going civilization that founded that city Phoenicians
55%
The Great Mosque of Kairouan is home to the world's oldest ______ still standing (starts with M) Minaret
40%
Legendary first queen of the above Dido
32%
Second-largest city (ends in X) Sfax
32%
Largest island Djerba
25%
Northernmost point on the African mainland (a female name) Cape {Angela}
15%
No matching quizzes found
Score Distribution
Percent of People with Each Score
Percentile by Number Answered
Your Score History
You have not taken this quiz since the last reset